[Event "MDA-ch"]
[Site "Kishinev"]
[Date "2024.02.07"]
[Round "5"]
[White "Baranciuc, Alexandr"]
[Black "Lashkin, Jegor"]
[Result "0-1"]
[WhiteElo "2336"]
[BlackElo "2447"]
[PlyCount "108"]
[EventDate "2024.02.03"]
[EventType "swiss"]
[EventRounds "7"]
[EventCountry "MDA"]
[SourceTitle "CB07_2024"]
[SourceDate "2024.02.14"]
[SourceVersion "1"]
[SourceVersionDate "2024.02.14"]
[SourceQuality "1"]

1. e4 c5 2. Nf3 d6 3. d4 cxd4 4. Nxd4 Nf6 5. Nc3 a6 6. f3 e5 7. Nb3 Be6 8. Be3 h5 9. Qd2 Nbd7 10. Nd5 Bxd5 11. exd5 g6 12. 0-0-0 Nb6 13. Qa5 Bh6 14. Bxh6 Rxh6 15. Qd2 Rh8 16. f4 Kf8 17. fxe5 dxe5 18. Kb1 Kg7 19. c4 Rc8 20. Rc1 Re8 21. Be2 Na4 22. Rhf1 Qd6 23. h3 Rh8 24. Qe3 h4 25. Nd2 Qb6 26. Qxb6 Nxb6 27. b4 Nh5 28. Bxh5 Rxh5 29. d6 f5 30. a3 Nd7 31. c5 Rg5 32. Nc4 Kf6 33. Na5 Rb8 34. Rf2 Rg3 35. Ka2 Rd3 36. Rb2 Rd5 37. Rcc2 Ke6 38. a4 e4 39. Re2 Ne5 40. Rbd2 Nd3 41. Ka3 g5 42. Nc4 Ne5 43. Nxe5 Rxe5 44. Kb3 a5 45. Kc4 axb4 46. Kxb4 Kd7 47. a5 Kc6 48. Rc2 e3 49. Rc4 f4 50. Rc3 Ra8 51. Rc4 Rf8 52. Rc1 g4 53. hxg4 h3 54. gxh3 f3 0-1

[Event "MDA-ch"]
[Site "Kishinev"]
[Date "2024.02.05"]
[Round "3"]
[White "Hamitevici, Vladimir"]
[Black "Lashkin, Jegor"]
[Result "0-1"]
[WhiteElo "2470"]
[BlackElo "2447"]
[PlyCount "72"]
[EventDate "2024.02.03"]
[EventType "swiss"]
[EventRounds "7"]
[EventCountry "MDA"]
[SourceTitle "CB07_2024"]
[SourceDate "2024.02.14"]
[SourceVersion "1"]
[SourceVersionDate "2024.02.14"]
[SourceQuality "1"]

1. e4 c5 2. a4 d6 3. Bb5+ Bd7 4. f4 Nc6 5. Nf3 g6 6. a5 Nf6 7. Qe2 Bh6 8. g3 0-0 9. d3 Rc8 10. Bd2 Nb4 11. Bxb4 cxb4 12. Bc4 Bh3 13. Nbd2 e5 14. Ng5 Bg4 15. Qf2 d5 16. Bb3 Nh5 17. h3 Bd7 18. h4 f6 19. Qxa7 fxg5 20. fxg5 Bg7 21. Qxb7 Kh8 22. Qxd5 Nxg3 23. Rg1 Nh5 24. Qd6 Rc6 25. Qxb4 Qc7 26. Nc4 Rb8 27. Nb6 Bf8 28. Qd2 Be6 29. Bxe6 Rxc2 30. Nd5 Qa7 31. Qe3 Bc5 32. d4 Bxd4 33. Qd3 Bc3+ 34. Kd1 Rd2+ 35. Qxd2 Bxd2 36. Kxd2 Qd4+ 0-1

[Event "ROM-chT"]
[Site "Eforie Nord"]
[Date "2023.09.28"]
[Round "8.1"]
[White "Kuzubov, Yuriy"]
[Black "Lashkin, Jegor"]
[Result "1/2-1/2"]
[WhiteElo "2625"]
[BlackElo "2459"]
[PlyCount "33"]
[EventDate "2023.09.21"]
[EventType "team-tourn"]
[EventRounds "9"]
[EventCountry "ROU"]
[SourceTitle "EXT 2024"]
[Source "ChessBase"]
[SourceDate "2023.10.10"]
[SourceVersion "1"]
[SourceVersionDate "2023.10.10"]
[SourceQuality "1"]
[WhiteTeam "Timisoara Medicina"]
[BlackTeam "Buzau Phoenix"]
[WhiteTeamCountry "ROU"]
[BlackTeamCountry "ROU"]

1. Nf3 d5 2. g3 g6 3. c4 dxc4 4. Na3 Bg7 5. Nxc4 Nc6 6. d3 e5 7. Bd2 a5 8. h4 h5 9. Bc3 Qe7 10. Bg2 Nh6 11. Qd2 Ng4 12. 0-0 0-0 13. Ng5 a4 14. b4 Nd4 15. Bxd4 exd4 16. Qb2 Rd8 17. a3 1/2-1/2

[Event "Titled Tuesday intern op 13th Jun Late"]
[Site "Chess.com INT"]
[Date "2023.06.13"]
[Round "8"]
[White "Bayo Milagro, Alvaro"]
[Black "Lashkin, Jegor"]
[Result "0-1"]
[WhiteElo "2292"]
[BlackElo "2449"]
[PlyCount "84"]
[EventDate "2023.06.13"]
[EventType "swiss (blitz)"]
[EventRounds "11"]
[EventCountry "USA"]
[SourceTitle "EXT 2024"]
[Source "ChessBase"]
[SourceDate "2023.10.10"]
[SourceVersion "1"]
[SourceVersionDate "2023.10.10"]
[SourceQuality "1"]

1. d4 Nf6 2. Nf3 d5 3. c4 e6 4. g3 dxc4 5. Bg2 c6 6. a4 Bb4+ 7. Bd2 a5 8. Qc2 0-0 9. Qxc4 Bxd2+ 10. Nbxd2 b6 11. Qc2 Bb7 12. 0-0 Na6 13. Nc4 c5 14. dxc5 Nxc5 15. Rfd1 Qc7 16. Nfe5 Bxg2 17. Kxg2 Nd5 18. Nd3 Ne4 19. Nde5 Nc5 20. Nd3 Ne4 21. Nde5 Nd6 22. Rac1 Rac8 23. b3 f6 24. Nf3 Nxc4 25. Qxc4 Qb7 26. Qe4 Qf7 27. Qd3 Qe7 28. Nd4 Rxc1 29. Rxc1 Qd7 30. Qe4 Re8 31. Kg1 Nb4 32. Nb5 f5 33. Qe5 Nd5 34. Rd1 Qe7 35. e4 fxe4 36. Qxe4 Nf6 37. Qe5 Nd5 38. Nd4 Nf6 39. Re1 Qf7 40. Nxe6 Nd7 41. Qd6 Nc5 42. Nxc5 Rxe1+ 0-1

[Event "Titled Tuesday intern op 13th Jun Late"]
[Site "Chess.com INT"]
[Date "2023.06.13"]
[Round "4"]
[White "Bortnyk, Olexandr"]
[Black "Lashkin, Jegor"]
[Result "1-0"]
[WhiteElo "2605"]
[BlackElo "2449"]
[PlyCount "65"]
[EventDate "2023.06.13"]
[EventType "swiss (blitz)"]
[EventRounds "11"]
[EventCountry "USA"]
[SourceTitle "EXT 2024"]
[Source "ChessBase"]
[SourceDate "2023.10.10"]
[SourceVersion "1"]
[SourceVersionDate "2023.10.10"]
[SourceQuality "1"]

1. e4 c5 2. c3 e5 3. Nf3 Nc6 4. Bc4 Nf6 5. 0-0 Nxe4 6. d4 d5 7. Bb5 exd4 8. cxd4 Be7 9. Nc3 0-0 10. h3 Nxd4 11. Nxd4 cxd4 12. Qxd4 Bf6 13. Qb4 a5 14. Qb3 Nxc3 15. bxc3 Be6 16. Ba3 Be7 17. Rfd1 Bxa3 18. Qxa3 Qc7 19. Be2 Rac8 20. Rd3 Qc5 21. Qb2 Rc7 22. Rg3 g6 23. h4 Rd8 24. Rd1 Rcd7 25. Rd4 Qe7 26. h5 Qf6 27. Qb6 Ra8 28. Bb5 Rdd8 29. Bd3 Kg7 30. hxg6 hxg6 31. Qxb7 Rab8 32. Qa7 Bf5 33. Rf4 1-0

[Event "Titled Tuesday intern op 13th Jun Late"]
[Site "Chess.com INT"]
[Date "2023.06.13"]
[Round "7"]
[White "Lashkin, Jegor"]
[Black "Mizzi, Jack"]
[Result "1-0"]
[WhiteElo "2449"]
[BlackElo "1986"]
[PlyCount "37"]
[EventDate "2023.06.13"]
[EventType "swiss (blitz)"]
[EventRounds "11"]
[EventCountry "USA"]
[SourceTitle "EXT 2024"]
[Source "ChessBase"]
[SourceDate "2023.10.10"]
[SourceVersion "1"]
[SourceVersionDate "2023.10.10"]
[SourceQuality "1"]

1. Nf3 d5 2. e3 Nf6 3. d4 e6 4. Bd3 c5 5. 0-0 Nc6 6. b3 Qc7 7. Bb2 cxd4 8. exd4 Be7 9. a3 0-0 10. Nbd2 b6 11. Qe2 Bb7 12. Rfe1 Rac8 13. Rac1 a5 14. c4 Rfd8 15. cxd5 exd5 16. Bf5 Ra8 17. Ne5 Qd6 18. Nxc6 Bxc6 19. Qxe7 1-0

[Event "Titled Tuesday intern op 13th Jun Late"]
[Site "Chess.com INT"]
[Date "2023.06.13"]
[Round "6"]
[White "Lashkin, Jegor"]
[Black "Siniauski, Artsiom"]
[Result "1-0"]
[WhiteElo "2449"]
[BlackElo "2253"]
[PlyCount "63"]
[EventDate "2023.06.13"]
[EventType "swiss (blitz)"]
[EventRounds "11"]
[EventCountry "USA"]
[SourceTitle "EXT 2024"]
[Source "ChessBase"]
[SourceDate "2023.10.10"]
[SourceVersion "1"]
[SourceVersionDate "2023.10.10"]
[SourceQuality "1"]

1. Nf3 Nf6 2. c4 b6 3. g3 Bb7 4. Bg2 c5 5. 0-0 g6 6. b3 Bg7 7. Bb2 0-0 8. d4 cxd4 9. Qxd4 d6 10. Rd1 Nbd7 11. Qe3 a6 12. Nc3 Rc8 13. Rac1 Nc5 14. Nd4 Bxg2 15. Kxg2 Qd7 16. Qf3 Rfd8 17. Nd5 Rb8 18. Nc6 Nxd5 19. Nxb8 Rxb8 20. Bxg7 Kxg7 21. cxd5 a5 22. a3 Qb5 23. Rc3 Rb7 24. Qe3 f6 25. Rd4 h5 26. b4 axb4 27. axb4 Nd7 28. Qxe7+ Kh6 29. Rc8 Ne5 30. Rh8+ Kg5 31. h4+ Kf5 32. Rf4# 1-0

[Event "Titled Tuesday intern op 13th Jun Late"]
[Site "Chess.com INT"]
[Date "2023.06.13"]
[Round "10"]
[White "Lashkin, Jegor"]
[Black "Vazquez, Guillermo"]
[Result "1/2-1/2"]
[WhiteElo "2449"]
[BlackElo "2575"]
[PlyCount "128"]
[EventDate "2023.06.13"]
[EventType "swiss (blitz)"]
[EventRounds "11"]
[EventCountry "USA"]
[SourceTitle "EXT 2024"]
[Source "ChessBase"]
[SourceDate "2023.10.10"]
[SourceVersion "1"]
[SourceVersionDate "2023.10.10"]
[SourceQuality "1"]

1. d4 d5 2. c4 e6 3. Nf3 a6 4. Bg5 Be7 5. Bxe7 Qxe7 6. Nbd2 Nf6 7. g3 b6 8. Bg2 Bb7 9. Rc1 c5 10. Qb3 Nbd7 11. dxc5 Qxc5 12. 0-0 0-0 13. cxd5 Qxd5 14. Nc4 b5 15. Na5 Qxb3 16. axb3 Bd5 17. Nd4 g6 18. Rc7 Ne5 19. f3 Rac8 20. Rfc1 Rxc7 21. Rxc7 Rd8 22. e3 h5 23. Kf2 Rd7 24. Rxd7 Nexd7 25. e4 Ba8 26. b4 Kf8 27. Bf1 g5 28. Ndc6 g4 29. e5 Nd5 30. fxg4 hxg4 31. Be2 f5 32. exf6 N7xf6 33. Bd3 Ke8 34. Bg6+ Kd7 35. Ne5+ Kd6 36. Nf7+ Ke7 37. Ne5 Nxb4 38. Ke3 Nfd5+ 39. Kd4 Nf6 40. Kc5 Nbd5 41. Bd3 Ne3 42. Nec6+ Bxc6 43. Nxc6+ Ke8 44. Nb8 Nd1 45. Nxa6 Nxb2 46. Bxb5+ Kf7 47. Kd4 Nd5 48. Nc5 Ke7 49. Ne4 Nd1 50. Be2 N1e3 51. Nf2 Nf5+ 52. Ke5 Nf6 53. Nxg4 Nd7+ 54. Kf4 Kf7 55. Bd3 Ne7 56. Ne3 Kf6 57. Ng4+ Kf7 58. Kf3 Nc6 59. Ne3 Nde5+ 60. Ke2 Nd4+ 61. Kd2 Ndf3+ 62. Kc3 Nxh2 63. Be2 Nhf3 64. Bxf3 Nxf3 1/2-1/2

[Event "Titled Tuesday intern op 22nd Nov Late"]
[Site "Chess.com INT"]
[Date "2022.11.22"]
[Round "5"]
[White "Lashkin, Jegor"]
[Black "Garcia Ramos, Daniel"]
[Result "1-0"]
[WhiteElo "2416"]
[BlackElo "2439"]
[PlyCount "99"]
[EventDate "2022.11.22"]
[EventType "swiss (blitz)"]
[EventRounds "11"]
[EventCountry "USA"]
[SourceTitle "CBM 211 Extra"]
[Source "ChessBase"]
[SourceDate "2023.01.31"]
[SourceVersion "1"]
[SourceVersionDate "2023.01.31"]
[SourceQuality "1"]

1. Nf3 d5 2. g3 b6 3. Bg2 Bb7 4. d4 e6 5. 0-0 Nd7 6. b3 Ngf6 7. Bb2 Be7 8. Nbd2 0-0 9. c4 c5 10. cxd5 Bxd5 11. Rc1 Rc8 12. Re1 cxd4 13. Nxd4 Bxg2 14. Kxg2 Nc5 15. Nc4 Qd5+ 16. Nf3 Rfd8 17. Qxd5 Nxd5 18. Nfd2 b5 19. Ne5 Ne3+ 20. fxe3 Rxd2 21. Bd4 Rc7 22. b4 Na6 23. Rxc7 Nxc7 24. Rc1 Bd6 25. Rc6 Bxe5 26. Bxe5 Ne8 27. Kf2 f6 28. Bd4 Rxa2 29. Rxe6 Kf7 30. Rc6 a5 31. bxa5 Rxa5 32. Rb6 h5 33. Kf3 Kg6 34. Bc3 Ra3 35. Bb4 Rb3 36. Bc5 Nc7 37. Ke4 Rb2 38. Rc6 Ne8 39. Kd3 Kf5 40. Bd4 Rb3+ 41. Kc2 Ra3 42. Rc5+ Kg4 43. Rxb5 Nd6 44. Rb4 Kh3 45. Bc5 Nf5 46. Rf4 Nxe3+ 47. Kd2 Ra2+ 48. Kxe3 Kxh2 49. Kf3 Ra1 50. Rh4# 1-0

[Event "Titled Tuesday intern op 22nd Nov Late"]
[Site "Chess.com INT"]
[Date "2022.11.22"]
[Round "6"]
[White "Lashkin, Jegor"]
[Black "Jarmula, Lukasz"]
[Result "1-0"]
[WhiteElo "2416"]
[BlackElo "2457"]
[PlyCount "99"]
[EventDate "2022.11.22"]
[EventType "swiss (blitz)"]
[EventRounds "11"]
[EventCountry "USA"]
[SourceTitle "CBM 211 Extra"]
[Source "ChessBase"]
[SourceDate "2023.01.31"]
[SourceVersion "1"]
[SourceVersionDate "2023.01.31"]
[SourceQuality "1"]

1. e4 e6 2. d4 d5 3. Nc3 Bb4 4. e5 c5 5. a3 Bxc3+ 6. bxc3 Ne7 7. Qg4 Nf5 8. Bd3 h5 9. Qf4 Qh4 10. Nf3 Qxf4 11. Bxf4 cxd4 12. cxd4 Nc6 13. c3 Bd7 14. Ke2 Na5 15. Rab1 b6 16. Nd2 Rc8 17. Rhc1 0-0 18. h3 h4 19. g4 hxg3 20. fxg3 Rc7 21. g4 Ne7 22. Bg5 Ng6 23. h4 Rfc8 24. h5 Nf8 25. Ba6 Rb8 26. h6 Nh7 27. Be3 b5 28. a4 Nc4 29. Nxc4 Rxc4 30. Bxb5 Bxb5 31. axb5 Rbc8 32. Kd3 Ra4 33. Ra1 Rxa1 34. Rxa1 Rc7 35. Ra6 Nf8 36. hxg7 Kxg7 37. Rc6 Rb7 38. c4 dxc4+ 39. Kxc4 Nd7 40. Bd2 Nb6+ 41. Kc5 Na4+ 42. Kb4 Nb6 43. Ka5 Nd5 44. Ka6 Rd7 45. Ka5 Ne7 46. Rd6 Rc7 47. Bb4 Nd5 48. Bc5 Ne3 49. Ra6 Nc4+ 50. Kb4 1-0

[Event "Titled Tuesday intern op 22nd Nov Late"]
[Site "Chess.com INT"]
[Date "2022.11.22"]
[Round "11"]
[White "Yuan, Qingyu"]
[Black "Lashkin, Jegor"]
[Result "1-0"]
[WhiteElo "2373"]
[BlackElo "2416"]
[PlyCount "117"]
[EventDate "2022.11.22"]
[EventType "swiss (blitz)"]
[EventRounds "11"]
[EventCountry "USA"]
[SourceTitle "CBM 211 Extra"]
[Source "ChessBase"]
[SourceDate "2023.01.31"]
[SourceVersion "1"]
[SourceVersionDate "2023.01.31"]
[SourceQuality "1"]

1. e4 c5 2. Nf3 d6 3. d4 cxd4 4. Nxd4 Nf6 5. Nc3 a6 6. Rg1 e5 7. Nb3 h5 8. Be3 Be6 9. Qd2 Nbd7 10. 0-0-0 Rc8 11. f4 b5 12. f5 Bc4 13. Kb1 Qc7 14. Bd3 Be7 15. h3 b4 16. Nd5 Nxd5 17. exd5 Bxd3 18. Qxd3 a5 19. g4 hxg4 20. hxg4 a4 21. Nd2 a3 22. Ne4 Rh3 23. Rg3 Rh2 24. Rd2 Rh1+ 25. Rg1 Rh3 26. Rg3 Rxg3 27. Nxg3 Nf6 28. g5 Ng4 29. f6 gxf6 30. g6 Bf8 31. Qb5+ Qd7 32. gxf7+ Ke7 33. Qd3 Nxe3 34. Qxe3 Qg4 35. Qa7+ Kd8 36. Qf2 Ke7 37. Qa7+ Kd8 38. Qf2 Rc4 39. Rd3 Kc8 40. bxa3 Rf4 41. Qb6 Qd7 42. axb4 Qc7 43. Qa6+ Kd8 44. a3 Ke7 45. Kb2 Kxf7 46. Rc3 Qd7 47. Qb6 Kg6 48. Rc7 Qg4 49. Rc3 Bh6 50. Qxd6 Bg7 51. Qe6 Qxe6 52. dxe6 Rd4 53. Rc7 Rd8 54. Ne4 Kf5 55. e7 Ra8 56. Nd6+ Kf4 57. e8Q Rxe8 58. Nxe8 Bh8 59. Rh7 1-0

[Event "Galati Pro Logos IM-B"]
[Site "Galati"]
[Date "2022.08.19"]
[Round "9"]
[White "Voiteanu, Christian Gabriel"]
[Black "Lashkin, Jegor"]
[Result "0-1"]
[WhiteElo "2159"]
[BlackElo "2407"]
[PlyCount "70"]
[EventDate "2022.08.13"]
[EventType "tourn"]
[EventRounds "9"]
[EventCountry "ROU"]
[EventCategory "2"]
[SourceTitle "CBM 210 Extra"]
[Source "ChessBase"]
[SourceDate "2022.11.30"]
[SourceVersion "1"]
[SourceVersionDate "2022.11.30"]
[SourceQuality "1"]

1. d4 Nf6 2. c4 e6 3. Nf3 d5 4. g3 dxc4 5. Bg2 c6 6. 0-0 b5 7. Ne5 Bb7 8. Nc3 a6 9. a4 Be7 10. axb5 axb5 11. Rxa8 Bxa8 12. b3 b4 13. Na4 c3 14. Nc4 0-0 15. Bg5 h6 16. Bxf6 Bxf6 17. e3 Nd7 18. f4 Qc7 19. e4 c5 20. e5 Bxg2 21. Kxg2 Qb7+ 22. Kh3 Be7 23. Ne3 Qe4 24. dxc5 Nxc5 25. Nxc5 Qxe3 26. Nb7 Rb8 27. Qd7 Qa7 28. Qxe7 Qxb7 29. Qd6 Rc8 30. Rc1 Qe4 31. Qd7 Ra8 32. Qe7 Qf5+ 33. Kh4 Ra2 34. h3 Rh2 35. Qe8+ Kh7 0-1

[Event "Galati Pro Logos IM-B"]
[Site "Galati"]
[Date "2022.08.17"]
[Round "7"]
[White "Lashkin, Jegor"]
[Black "Lodotchnikow, Olexandr"]
[Result "1-0"]
[WhiteElo "2407"]
[BlackElo "2327"]
[PlyCount "51"]
[EventDate "2022.08.13"]
[EventType "tourn"]
[EventRounds "9"]
[EventCountry "ROU"]
[EventCategory "2"]
[SourceTitle "CBM 210 Extra"]
[Source "ChessBase"]
[SourceDate "2022.11.30"]
[SourceVersion "1"]
[SourceVersionDate "2022.11.30"]
[SourceQuality "1"]

1. d4 d5 2. c4 e6 3. Nc3 f5 4. Bf4 Nf6 5. e3 c6 6. Bd3 Bd6 7. Bxd6 Qxd6 8. Nf3 Ne4 9. Qc2 Nd7 10. 0-0 0-0 11. Ne2 Rf6 12. Nd2 Rh6 13. f4 Ndf6 14. c5 Qe7 15. h3 g5 16. Bxe4 Nxe4 17. Nxe4 fxe4 18. Ng3 gxf4 19. Rxf4 e5 20. dxe5 Qxe5 21. Raf1 Bd7 22. Qf2 Qe8 23. Rf7 Be6 24. Rxb7 Qc8 25. Re7 Qd8 26. Rxe6 1-0

[Event "Titled Tuesday intern op 26th Jul Late"]
[Site "Chess.com INT"]
[Date "2022.07.26"]
[Round "1"]
[White "Lashkin, Jegor"]
[Black "Miszler, Levente"]
[Result "1-0"]
[WhiteElo "2399"]
[BlackElo "2243"]
[PlyCount "31"]
[EventDate "2022.07.26"]
[EventType "swiss (blitz)"]
[EventRounds "11"]
[EventCountry "USA"]
[SourceTitle "EXT 2023"]
[Source "ChessBase"]
[SourceDate "2022.10.05"]
[SourceVersion "1"]
[SourceVersionDate "2022.10.05"]
[SourceQuality "1"]

1. e4 e6 2. d4 a6 3. Nf3 d5 4. e5 c5 5. c3 Bd7 6. a4 b5 7. axb5 Qb6 8. bxa6 Nxa6 9. Bd3 Bb5 10. 0-0 Ne7 11. dxc5 Qxc5 12. Be3 Qc6 13. Nd4 Bxd3 14. Nxc6 Bxf1 15. Qxf1 Nxc6 16. Rxa6 1-0

[Event "Titled Tuesday intern op 26th Jul Early"]
[Site "Chess.com INT"]
[Date "2022.07.26"]
[Round "4"]
[White "Lashkin, Jegor"]
[Black "Shvedova, Alexandra"]
[Result "0-1"]
[WhiteElo "2399"]
[BlackElo "2106"]
[PlyCount "122"]
[EventDate "2022.07.26"]
[EventType "swiss (blitz)"]
[EventRounds "11"]
[EventCountry "USA"]
[SourceTitle "EXT 2023"]
[Source "ChessBase"]
[SourceDate "2022.10.05"]
[SourceVersion "1"]
[SourceVersionDate "2022.10.05"]
[SourceQuality "1"]

1. e4 c5 2. Nc3 Nc6 3. Bb5 Nd4 4. Nf3 g6 5. Nxd4 cxd4 6. Ne2 Bg7 7. 0-0 a6 8. Bc4 e6 9. c3 b5 10. Bb3 dxc3 11. dxc3 Bb7 12. Ng3 Nf6 13. e5 Nd5 14. Ne4 Bxe5 15. Bg5 f6 16. Bh6 f5 17. Bg5 Qc7 18. Ng3 0-0 19. Re1 Bg7 20. Bd2 Nf6 21. Qe2 Ne4 22. Rad1 Kh8 23. Nxe4 Bxe4 24. f3 Bc6 25. Be3 d5 26. Bd4 Rae8 27. Qf2 e5 28. Bc5 Rf7 29. Bxd5 Bxd5 30. Rxd5 Rd7 31. Red1 Rxd5 32. Rxd5 Qf7 33. Qd2 e4 34. fxe4 fxe4 35. Be3 Rf8 36. Qd1 h5 37. h3 Kh7 38. a3 Qe6 39. Rd7 Rf7 40. Rd6 Qc8 41. Qd5 Qf8 42. Qd1 Qc8 43. Qe2 Be5 44. Rd5 Qf5 45. Rd1 Qe6 46. Bc5 Qc6 47. Bd4 Bb8 48. Bf2 Qc7 49. g3 Qc6 50. Rd4 Ba7 51. b4 Bxd4 52. Bxd4 Qd5 53. Kh2 Qf5 54. Kg1 Qxh3 55. Qg2 Qf5 56. Qe2 Qf3 57. Qe1 Qg4 58. Be5 h4 59. Kg2 h3+ 60. Kh2 Qf3 61. Bf4 Qg2# 0-1

[Event "Titled Tuesday intern op 12th Jul Early"]
[Site "Chess.com INT"]
[Date "2022.07.12"]
[Round "6"]
[White "Lashkin, Jegor"]
[Black "Abrahamyan, Tatev"]
[Result "1-0"]
[WhiteElo "2399"]
[BlackElo "2291"]
[PlyCount "61"]
[EventDate "2022.07.12"]
[EventType "swiss (blitz)"]
[EventRounds "11"]
[EventCountry "USA"]
[SourceTitle "EXT 2023"]
[Source "ChessBase"]
[SourceDate "2022.10.05"]
[SourceVersion "1"]
[SourceVersionDate "2022.10.05"]
[SourceQuality "1"]

1. d4 Nf6 2. c4 e6 3. Nf3 b6 4. a3 Ba6 5. Qc2 c5 6. d5 exd5 7. cxd5 d6 8. Nc3 Be7 9. g3 0-0 10. Bg2 Nbd7 11. 0-0 Re8 12. Re1 Bf8 13. h3 b5 14. e4 Rc8 15. Bf4 Qb6 16. Be3 Qb7 17. b4 cxb4 18. axb4 Nxe4 19. Bd4 Nxc3 20. Bxc3 Rxe1+ 21. Rxe1 Nb6 22. Ng5 g6 23. Qd3 Qc7 24. Ba1 Qc4 25. Qf3 f5 26. Qe3 Bg7 27. Qe6+ Kh8 28. Nf7+ Kg8 29. Nh6+ Kh8 30. Qg8+ Rxg8 31. Nf7# 1-0